000
00361nam a2200133Ia 4500
003
GCL
008
140319s9999 xx 000 0 ara d
040
_a
GCL /
_c
GCL
082
0
4
_a
892.76
_b
ن ج
245
1
0
_a
الطريق (بالهولندية)
260
_a
[S.N] :
_b
الجامعة الامريكية بالقاهرة ،
_c
1989
300
_a
174 ص
490
_a
999
_c
33490
_d
33490